[Event "Nantes op 12th"]
[Site "Nantes "]
[Date "2013.12.30"]
[Round "7"]
[White "Perrier, Jean Francois"]
[Black "Jaulin, Philippe"]
[Result "0-1"]
[WhiteElo "1733"]
[BlackElo "2181"]
[PlyCount "48"]
[EventDate "2013.12.27"]
[EventType "swiss"]
[EventRounds "7"]
[EventCountry "FRA"]
[SourceTitle "CBM 158 Extra"]
[Source "ChessBase"]
[SourceDate "2014.02.28"]
[SourceVersion "1"]
[SourceVersionDate "2014.02.28"]
[SourceQuality "1"]

1. d4 Nf6 2. Nf3 g6 3. Bf4 Bg7 4. e3 d6 5. Be2 0-0 6. h4 Bg4 7. Ng5 Bxe2 8. Qxe2 h6 9. Nh3 c5 10. c3 Nc6 11. g4 e5 12. dxe5 dxe5 13. Bg3 Ne4 14. Nd2 Nxg3 15. fxg3 e4 16. 0-0 Qe7 17. Qc4 Rad8 18. Rad1 Rd3 19. Nf4 Rxe3 20. Nxg6 Qc7 21. Nxe4 Ne5 22. Nxe5 Qxe5 23. Rde1 b5 24. Qxc5 Rxe4 0-1

[Event "Rohde op 10th"]
[Site "Sautron"]
[Date "2010.10.29"]
[Round "8"]
[White "Le Bailly, Baptiste"]
[Black "Perrier, Jean Francois"]
[Result "0-1"]
[WhiteElo "2098"]
[BlackElo "1637"]
[PlyCount "86"]
[EventDate "2010.10.23"]
[EventType "swiss"]
[EventRounds "9"]
[EventCountry "FRA"]
[SourceTitle "EXT 2012"]
[Source "ChessBase"]
[SourceDate "2011.11.24"]
[SourceVersion "1"]
[SourceVersionDate "2011.11.24"]
[SourceQuality "1"]

1. e4 c6 2. d4 d5 3. Nd2 dxe4 4. Nxe4 Nf6 5. Nxf6+ exf6 6. h3 Bd6 7. Nf3 0-0 8. Be3 Re8 9. Bd3 Na6 10. a3 Nc7 11. Qd2 c5 12. dxc5 Bxc5 13. 0-0-0 Bxe3 14. fxe3 Qe7 15. e4 Be6 16. g4 Red8 17. Qf2 b5 18. Qh4 Bc4 19. Rhe1 Qc5 20. Kb1 a5 21. e5 Bxd3 22. cxd3 fxe5 23. Rxe5 Rd5 24. Re7 Ne6 25. Rc1 Qe3 26. Ne1 b4 27. g5 Rxg5 28. Qc4 h6 29. Nc2 Qxh3 30. Qc6 Rf8 31. axb4 axb4 32. Nxb4 Qh4 33. Rb7 Nd8 34. Rh1 Qf2 35. Qe4 Nxb7 36. Qxb7 Rg2 37. Nd5 Qc2+ 38. Ka2 Qa4+ 39. Kb1 Re2 40. Rc1 Ree8 41. Nf6+ gxf6 42. Rg1+ Kh7 43. Qf3 Qb5 0-1